00393nam a2200121Ia 4500008004100000082001700041100005100058245004200109260002900151300000700180630004200187730004200229100122s9999 xx 000 0 und d b71338a641.5 aशेट्ये स्वप्नाली aसॅलड्स क क्र- 8/1 bऔदुंबरc2001 a83 aसॅलड्स क क्र- 8/1 aसॅलड्स क क्र- 8/1